| 000 | 00588nam a2200169 i 4500 | ||
|---|---|---|---|
| 001 | bg | ||
| 100 | 1 | _aBORKOWSKI, Adam | |
| 245 | 0 |
_aStatyczna analiza układów prętowych w zakresach sprężystym i plastycznym / _cA. Borkowski. |
|
| 260 |
_aWarszawa, _c1985. |
||
| 490 | 1 | _aBiblioteka Mechaniki Stosowanej. Seria B, Podręczniki i Zastosowania Inżynierskie | |
| 830 | 0 |
_aBiblioteka Mechaniki Stosowanej. _pSeria B, Podręczniki i Zastosowania Inżynierskie |
|
| 040 | _cBPK | ||
| 041 | _apol | ||
| 080 | _a624:539.3/.6 | ||
| 942 | _cKS | ||
| 008 | s pl f |000 0 pol | ||
| 999 |
_c28259 _d28259 |
||
| 856 |
_uhttp://koha.tu.koszalin.pl/cgi-bin/koha/opac-detail.pl?biblionumber=28259 _yKatalog online BPK |
||